Quy trình khuấy phân hóa dung dịch Aluminat Luận văn tốt nghiệp Đại học Sư phạm ngành Hóa Khóa 05

Đã lưu trong:
Bibliografiske detaljer
Hovedforfatter: Nguyễn Thị Thu Lan
Format: Bog
Sprog:Undetermined
Udgivet: Cần Thơ Trường Đại học Cần Thơ, Khoa Sư phạm, Bộ môn Hóa 1983
Tags: Tilføj Tag
Ingen Tags, Vær først til at tagge denne postø!
Thư viện lưu trữ: Trung tâm Học liệu Trường Đại học Cần Thơ
LEADER 00628nam a2200169Ia 4500
001 CTU_26797
008 210402s9999 xx 000 0 und d
082 |a 543 
082 |b L105/1983 
100 |a Nguyễn Thị Thu Lan 
245 0 |a Quy trình khuấy phân hóa dung dịch Aluminat 
245 0 |b Luận văn tốt nghiệp Đại học Sư phạm ngành Hóa Khóa 05 
245 0 |c Nguyễn Thị Thu Lan 
260 |a Cần Thơ 
260 |b Trường Đại học Cần Thơ, Khoa Sư phạm, Bộ môn Hóa 
260 |c 1983 
980 |a Trung tâm Học liệu Trường Đại học Cần Thơ